[Event "Bristol Fide Open 2018"]
[Site "Bristol Grammar School"]
[Date "2018.06.17"]
[Round "4.23"]
[White "Hosdurga, Chirag"]
[Black "Hurst, Eddie"]
[Result "0-1"]
[WhiteElo "1508"]
[BlackElo "1928"]
[PlyCount "136"]
[EventDate "2018.06.15"]
[SourceVersionDate "2018.06.16"]

1. d4 Nf6 2. c4 g6 3. Nc3 d5 4. Bg5 c6 5. e3 Bg7 6. Nf3 O-O 7. Bd3 dxc4 8. Bxc4
b5 9. Bd3 Bb7 10. O-O Nbd7 11. Rc1 a5 12. Ne4 Nd5 13. Nd6 Rb8 14. a3 Ba8 15.
Ne4 Qe8 16. Nc5 Nxc5 17. Rxc5 e5 18. dxe5 Bxe5 19. Nxe5 Qxe5 20. Bf4 Qe7 21.
Qc1 Nxf4 22. exf4 Qd6 23. Be4 Rbc8 24. Rd1 Qc7 25. f5 Qe7 26. Bb1 Rfe8 27. fxg6
hxg6 28. h3 Rcd8 29. Rxd8 Rxd8 30. Ba2 Rd6 31. Rc3 Kg7 32. Re3 Qd8 33. Qc3+ Kg8
34. Qe5 Bb7 35. Qe8+ Qxe8 36. Rxe8+ Kg7 37. Re7 Bc8 38. Rxf7+ Kh6 39. Rc7 Bf5
40. g4 Be4 41. h4 Bf3 42. g5+ Kh5 43. Rh7+ Kg4 44. Bb3 a4 45. Bc2 Rd2 46. Kf1
Rxc2 47. Ke1 Re2+ 48. Kf1 Rxb2 49. Re7 Rb1+ 50. Re1 Rxe1+ 51. Kxe1 Kxh4 52. Kd2
Kxg5 53. Ke3 Bd5 54. f4+ Kf5 55. Kd4 Kxf4 56. Kc5 g5 57. Kb4 g4 58. Kc5 g3 59.
Kb4 g2 60. Kc5 g1=Q+ 61. Kb4 Qd4+ 62. Ka5 Qd2+ 63. Kb6 Qc3 64. Ka6 b4 65. axb4
Qxb4 66. Ka7 a3 67. Ka6 a2 68. Ka7 a1=Q# 0-1

[Event "Bristol Fide Open 2018"]
[Site "Bristol Grammar School"]
[Date "2018.06.17"]
[Round "5.1"]
[White "Merry, Alan"]
[Black "Arkell, Keith"]
[Result "1-0"]
[WhiteElo "2460"]
[BlackElo "2417"]
[PlyCount "51"]
[EventDate "2018.06.15"]
[SourceVersionDate "2018.06.16"]

1. e4 e6 2. d4 d5 3. Nc3 Bb4 4. e5 Qd7 5. Bd2 b6 6. Bb5 c6 7. Ba4 Ba6 8. Nce2
Bxd2+ 9. Qxd2 Ne7 10. Nf3 Bb5 11. Bxb5 cxb5 12. Ng3 O-O 13. Nh5 Ng6 14. h4 Nc6
15. O-O-O Na5 16. Qg5 Qd8 17. Qg4 Qe7 18. Ne1 Rac8 19. Nd3 Rc4 20. Nxg7 Kxg7
21. h5 f5 22. hxg6 fxg4 23. Rxh7+ Kxg6 24. Rxe7 Kf5 25. Rh1 Nc6 26. Rg7 1-0

[Event "Bristol Fide Open 2018"]
[Site "Bristol Grammar School"]
[Date "2018.06.17"]
[Round "5.2"]
[White "Waddington, Mike"]
[Black "Moore, Graham J"]
[Result "1-0"]
[WhiteElo "2083"]
[BlackElo "2210"]
[PlyCount "101"]
[EventDate "2018.06.15"]
[SourceVersionDate "2018.06.16"]

1. Nc3 d5 2. e4 dxe4 3. Nxe4 Nd7 4. Bc4 Ndf6 5. Ng5 e6 6. Qe2 h6 7. N5f3 Ne7 8.
Ne5 Ned5 9. d3 a6 10. Ngf3 Bd6 11. O-O O-O 12. a4 Bd7 13. Bd2 c5 14. Rfe1 Qc7
15. Kh1 Bc6 16. Nxc6 Qxc6 17. Ne5 Bxe5 18. Qxe5 b5 19. Ba2 c4 20. Qg3 Kh8 21.
c3 bxa4 22. Bxc4 Rfb8 23. Bc1 Rd8 24. Ra3 Nb6 25. Ba2 Qb5 26. Bb1 Rd5 27. Bc2
Rad8 28. Ra1 Qc6 29. Be3 Rb5 30. Bc1 Ra5 31. Ra3 Rh5 32. d4 Rb5 33. Bd3 Rbd5
34. Qf3 Nc4 35. Bxc4 Qxc4 36. h3 Rf5 37. Qe2 Qc6 38. Kg1 Rb8 39. Qc2 Rb4 40.
Qd1 Rc4 41. Qd3 Rb5 42. Re2 Rb3 43. Rxb3 axb3 44. Bf4 a5 45. Be5 a4 46. Bxf6
gxf6 47. Re4 Kg7 48. Rg4+ Kf8 49. Qg3 Rxc3 50. bxc3 b2 51. Qb8+ 1-0

[Event "Bristol Fide Open 2018"]
[Site "Bristol Grammar School"]
[Date "2018.06.17"]
[Round "5.3"]
[White "Handley, Michael R"]
[Black "Makkar, Rajat"]
[Result "1/2-1/2"]
[WhiteElo "2170"]
[BlackElo "1835"]
[PlyCount "42"]
[EventDate "2018.06.15"]
[SourceVersionDate "2018.06.16"]

1. d4 Nf6 2. c4 c5 3. d5 e6 4. Nc3 exd5 5. cxd5 d6 6. e4 g6 7. Bd3 Bg7 8. h3
O-O 9. Nf3 a6 10. a4 Nbd7 11. O-O Rb8 12. Bf4 Ne8 13. Bg5 f6 14. Bh4 Nc7 15. a5
b5 16. axb6 Nxb6 17. Re1 Qd7 18. Ra5 Kh8 19. Bg3 Re8 20. Kh2 Qe7 21. Bf1 Qd8
1/2-1/2

[Event "Bristol Fide Open 2018"]
[Site "Bristol Grammar School"]
[Date "2018.06.17"]
[Round "5.4"]
[White "Krzyzanowski, Patryk"]
[Black "Dilleigh, Stephen P"]
[Result "1/2-1/2"]
[WhiteElo "2072"]
[BlackElo "2022"]
[PlyCount "150"]
[EventDate "2018.06.15"]
[SourceVersionDate "2018.06.16"]

1. d4 d5 2. c4 e6 3. Nc3 Nf6 4. Bg5 Be7 5. cxd5 exd5 6. e3 c6 7. Bd3 Nbd7 8.
Qc2 Nh5 9. Bxe7 Qxe7 10. Rc1 Nf4 11. Bf1 Nf6 12. Nf3 O-O 13. Ne5 Ng6 14. Nxg6
fxg6 15. Be2 Bg4 16. Bd3 Bf5 17. O-O Bxd3 18. Qxd3 Rac8 19. Rce1 Qd6 20. f3
Rcd8 21. a3 Rfe8 22. Na4 Re7 23. Rf2 Rde8 24. Rfe2 Nh5 25. Qb3 Nf4 26. Rd2 Kh8
27. g3 Ne6 28. Kg2 Ng5 29. h4 Ne6 30. Qd3 g5 31. h5 g4 32. f4 Nf8 33. Rde2 Nd7
34. Qf5 Qe6 35. Qxe6 Rxe6 36. Nc5 Nxc5 37. dxc5 Re4 38. b3 Kg8 39. Kf2 Kf7 40.
Rd1 Kf6 41. Rd3 Kf5 42. Rb2 R8e6 43. Rb1 Rh6 44. Rh1 g6 45. Rdd1 Rxh5 46. Rxh5+
gxh5 47. Rh1 Kg6 48. Rd1 a5 49. Rd2 a4 50. Rb2 axb3 51. Rxb3 Rc4 52. Rxb7 Rc2+
53. Kf1 Rxc5 54. Re7 Rc3 55. Re6+ Kf5 56. Re5+ Kf6 57. Kf2 Rxa3 58. Rxh5 Ra2+
59. Kf1 Rc2 60. Rg5 Rh2 61. e4 dxe4 62. Re5 Rc2 63. Rxe4 Rc3 64. Kf2 c5 65. Re5
c4 66. Rh5 Rf3+ 67. Kg2 c3 68. Rxh7 Rd3 69. Kf2 c2 70. Rc7 Rd2+ 71. Ke3 Rg2 72.
Ke4 Re2+ 73. Kd3 Rg2 74. Rxc2 Rxg3+ 75. Ke4 Ra3 1/2-1/2

[Event "Bristol Fide Open 2018"]
[Site "Bristol Grammar School"]
[Date "2018.06.17"]
[Round "5.5"]
[White "Roe, Simon"]
[Black "Kramaley, David"]
[Result "1-0"]
[WhiteElo "2226"]
[BlackElo "1831"]
[PlyCount "101"]
[EventDate "2018.06.15"]
[SourceVersionDate "2018.06.16"]

1. Nf3 d5 2. c4 e6 3. g3 Nf6 4. Bg2 dxc4 5. Qa4+ c6 6. Qxc4 b5 7. Qb3 Bb7 8.
O-O Nbd7 9. d3 a6 10. Nc3 c5 11. a4 b4 12. Nb1 Bd5 13. Qc2 Rc8 14. Nbd2 Be7 15.
b3 O-O 16. Bb2 Qc7 17. Rac1 Qb8 18. Qb1 Rfd8 19. Qa1 Ne8 20. Rc2 Bf6 21. Rfc1
Bxb2 22. Qxb2 Nd6 23. Nf1 Bxf3 24. Bxf3 Nf5 25. Bg2 Nd4 26. Rd2 Qa7 27. Ne3 Ne5
28. Nc4 Nxc4 29. Rxc4 Qe7 30. e3 Nf5 31. Qc1 Rd7 32. Bf1 Rdc7 33. Rdc2 Qd6 34.
d4 a5 35. dxc5 Qf8 36. Bg2 Ne7 37. c6 Nd5 38. Bxd5 exd5 39. Rc5 Qd6 40. Rxa5 g6
41. Rac5 h5 42. h4 Qe6 43. Qd2 Rxc6 44. Rxc6 Rxc6 45. Rxc6 Qxc6 46. Qxb4 Qc1+
47. Kg2 Qc6 48. Qd4 Kh7 49. a5 Kg8 50. b4 Kf8 51. Qc5+ 1-0

[Event "Bristol Fide Open 2018"]
[Site "Bristol Grammar School"]
[Date "2018.06.17"]
[Round "5.6"]
[White "Brown, Thomas"]
[Black "Harris, Michael T"]
[Result "1/2-1/2"]
[WhiteElo "2078"]
[BlackElo "1859"]
[PlyCount "48"]
[EventDate "2018.06.15"]
[SourceVersionDate "2018.06.16"]

1. Nf3 Nf6 2. c4 e6 3. g3 c6 4. Bg2 d5 5. b3 Be7 6. O-O O-O 7. Bb2 Nbd7 8. d3
b6 9. Nc3 Bb7 10. cxd5 cxd5 11. Rc1 Rc8 12. Qd2 Bb4 13. a3 Bd6 14. b4 a6 15. e4
dxe4 16. Nxe4 Be7 17. Qe3 Nd5 18. Qe2 Rxc1 19. Rxc1 Qa8 20. h4 N7f6 21. Nfg5 h6
22. Nxf6+ Nxf6 23. Bxb7 Qxb7 24. Ne4 Rc8 1/2-1/2

[Event "Bristol Fide Open 2018"]
[Site "Bristol Grammar School"]
[Date "2018.06.17"]
[Round "5.7"]
[White "Collier, David"]
[Black "Varney, Daniel"]
[Result "1/2-1/2"]
[WhiteElo "2011"]
[BlackElo "1829"]
[PlyCount "145"]
[EventDate "2018.06.15"]
[SourceVersionDate "2018.06.16"]

1. d4 Nf6 2. Bg5 Ne4 3. Bf4 c5 4. d5 Qb6 5. Bc1 g6 6. f3 Nf6 7. e4 Bg7 8. Nd2
d6 9. Nc4 Qc7 10. a4 Nbd7 11. Bd3 O-O 12. Ne2 a6 13. O-O b5 14. axb5 axb5 15.
Rxa8 bxc4 16. Bxc4 Nb6 17. Ra2 Nxc4 18. b3 Nb6 19. c4 e6 20. Bb2 exd5 21. exd5
Qe7 22. Ng3 Re8 23. Kh1 h5 24. Bc1 h4 25. Re2 Qd8 26. Rxe8+ Qxe8 27. Re1 Qd8
28. Ne4 Nxe4 29. Rxe4 Bf5 30. Re2 Nd7 31. Qe1 Ne5 32. f4 Nd3 33. Re8+ Kh7 34.
Rxd8 Nxe1 35. Bd2 Nd3 36. Rxd6 h3 37. Kg1 Bd4+ 38. Kf1 Nc1 39. gxh3 Bd3+ 40.
Ke1 Nxb3 41. Rd7 Kg7 42. Rb7 Nxd2 43. Kxd2 Bxc4 44. d6 Be6 45. d7 Bf6 46. Rc7
c4 47. Kc1 g5 48. fxg5 Bxg5+ 49. Kc2 Bxh3 50. Rc5 Bf6 51. Rxc4 Bxd7 52. Rc5 Kg6
53. Kd3 Be7 54. Ra5 Be6 55. Ke4 Bd6 56. h3 Be7 57. Ra6 Bf6 58. Ra3 Kh5 59. Rf3
Bh4 60. Ke5 Kg6 61. Ra3 Bf6+ 62. Kf4 Kh5 63. Rd3 Kh4 64. Rd6 Kxh3 65. Rd1 Kh4
66. Rh1+ Bh3 67. Rh2 Be7 68. Ke5 f6+ 69. Kd5 Kg3 70. Re2 Bf8 71. Re3+ Kg4 72.
Ke6 Bc5 73. Rxh3 1/2-1/2

[Event "Bristol Fide Open 2018"]
[Site "Bristol Grammar School"]
[Date "2018.06.17"]
[Round "5.8"]
[White "Miller, George"]
[Black "Prasse, Phillip"]
[Result "0-1"]
[WhiteElo "1600"]
[BlackElo "2006"]
[PlyCount "56"]
[EventDate "2018.06.15"]
[SourceVersionDate "2018.06.16"]

1. d4 d5 2. Nf3 Nf6 3. c4 e6 4. g3 Be7 5. Bg2 O-O 6. O-O dxc4 7. Qa4 a6 8. Qxc4
b5 9. Qc2 Bb7 10. Bf4 Nc6 11. e3 Nb4 12. Qd1 c5 13. Nc3 cxd4 14. exd4 Nbd5 15.
Bg5 h6 16. Nxd5 Bxd5 17. Be3 Qb6 18. Rc1 Qb7 19. b3 Rac8 20. Qe2 Ba3 21. Rxc8
Rxc8 22. Ne1 Bxg2 23. Nxg2 Qe4 24. Ne1 Rc3 25. Qd2 Nd5 26. Bxh6 gxh6 27. Qxh6
Bc1 28. f4 Be3+ 0-1

[Event "Bristol Fide Open 2018"]
[Site "Bristol Grammar School"]
[Date "2018.06.17"]
[Round "5.9"]
[White "Jukes, Sam"]
[Black "Waterfield, John"]
[Result "1-0"]
[WhiteElo "1826"]
[BlackElo "1924"]
[PlyCount "75"]
[EventDate "2018.06.15"]
[SourceVersionDate "2018.06.16"]

1. e4 g6 2. d4 Bg7 3. Nf3 c5 4. c3 d5 5. dxc5 dxe4 6. Qxd8+ Kxd8 7. Ng5 Nh6 8.
Nxe4 Bf5 9. f3 Nd7 10. Be3 Ng4 11. fxg4 Bxe4 12. Nd2 Bc6 13. O-O-O Kc7 14. Nf3
h5 15. gxh5 Rxh5 16. Be2 Bf6 17. Rhf1 b5 18. cxb6+ axb6 19. a3 Rha5 20. g4 Ba4
21. Rd2 Nc5 22. Bxc5 Rxc5 23. Kb1 Rh8 24. h4 Bg7 25. Nd4 Be8 26. h5 Bh6 27.
Rdd1 e5 28. hxg6 exd4 29. gxf7 dxc3 30. fxe8=N+ Rxe8 31. Rf7+ Kc6 32. Bf3+ Kb5
33. bxc3 Rxc3 34. Rd5+ Rc5 35. Rd4 Re1+ 36. Ka2 Ka5 37. Ra7+ Kb5 38. Rb4# 1-0

[Event "Bristol Fide Open 2018"]
[Site "Bristol Grammar School"]
[Date "2018.06.17"]
[Round "5.10"]
[White "Jaufarally, Nadia"]
[Black "Sheremetyeva, Elizaveta"]
[Result "1-0"]
[WhiteElo "1916"]
[BlackElo "1691"]
[PlyCount "41"]
[EventDate "2018.06.15"]
[SourceVersionDate "2018.06.16"]

1. e4 c6 2. d4 d5 3. Nc3 dxe4 4. Nxe4 Nd7 5. Nf3 Ngf6 6. Ng3 e6 7. Bd3 Qc7 8.
Qe2 Be7 9. O-O O-O 10. Ng5 e5 11. f4 exf4 12. Bxf4 Qd8 13. Rae1 Re8 14. Nxf7
Qb6 15. c3 Bc5 16. Nh6+ gxh6 17. Bc4+ Kh8 18. Qxe8+ Nxe8 19. Rxe8+ Bf8 20.
Rxf8+ Nxf8 21. Be5# 1-0

[Event "Bristol Fide Open 2018"]
[Site "Bristol Grammar School"]
[Date "2018.06.17"]
[Round "5.11"]
[White "Munshi, Aditya"]
[Black "Morris, Gareth"]
[Result "1-0"]
[WhiteElo "1905"]
[BlackElo "2050"]
[PlyCount "47"]
[EventDate "2018.06.15"]
[SourceVersionDate "2018.06.16"]

1. e4 c5 2. Nf3 Nc6 3. Bb5 e6 4. Bxc6 bxc6 5. b3 d6 6. e5 dxe5 7. Nxe5 Qg5 8.
Ng4 Nf6 9. Nxf6+ gxf6 10. O-O Rg8 11. g3 Bd6 12. Na3 h5 13. Nc4 Bc7 14. Qf3 Bd7
15. d3 Qd5 16. Qxf6 Rg6 17. Qh8+ Ke7 18. Qxa8 h4 19. Qh8 hxg3 20. Qh4+ f6 21.
fxg3 Kf7 22. Bb2 e5 23. Qh7+ Rg7 24. Rxf6+ 1-0

[Event "Bristol Fide Open 2018"]
[Site "Bristol Grammar School"]
[Date "2018.06.17"]
[Round "5.12"]
[White "Savage, Nicholas W"]
[Black "Martin, Lewis"]
[Result "0-1"]
[WhiteElo "1968"]
[BlackElo "2089"]
[PlyCount "72"]
[EventDate "2018.06.15"]
[SourceVersionDate "2018.06.16"]

1. d4 d5 2. Nf3 Nf6 3. c4 c6 4. g3 g6 5. Bg2 Bg7 6. cxd5 cxd5 7. Nc3 O-O 8. Ne5
Nc6 9. Nxc6 bxc6 10. O-O e5 11. dxe5 Ng4 12. Bf4 Nxe5 13. Rc1 Rb8 14. b3 Rb4
15. Qd2 Rd4 16. Qb2 Rxf4 17. gxf4 Ng4 18. Qd2 Qh4 19. h3 Nh6 20. Kh2 Re8 21. e3
Nf5 22. Ne2 Qf6 23. Nd4 Nxd4 24. Qxd4 Qxd4 25. exd4 Bd7 26. Rcd1 Re2 27. Rde1
Rxa2 28. Re7 Be6 29. Rc7 Bxd4 30. Rxc6 Bxf2 31. Rd6 Bc5 32. Rd8+ Kg7 33. Kg3
Be7 34. Rxd5 Rxg2+ 35. Kxg2 Bxd5+ 36. Kg3 Bxb3 0-1

[Event "Bristol Fide Open 2018"]
[Site "Bristol Grammar School"]
[Date "2018.06.17"]
[Round "5.13"]
[White "Bogdan, Horia"]
[Black "Moore, Geoffrey R"]
[Result "1-0"]
[WhiteElo "1960"]
[BlackElo "1995"]
[PlyCount "67"]
[EventDate "2018.06.15"]
[SourceVersionDate "2018.06.16"]

1. d4 Nf6 2. c4 g6 3. g3 Bg7 4. Bg2 O-O 5. Nc3 d6 6. e4 Nc6 7. Nge2 e5 8. d5
Nd4 9. Nxd4 exd4 10. Ne2 c5 11. dxc6 bxc6 12. Nxd4 Nxe4 13. O-O Re8 14. Nxc6
Qb6 15. Qd5 Nxf2 16. c5 dxc5 17. Ne7+ Rxe7 18. Qxa8 Qd8 19. Bg5 f6 20. Qd5+
Qxd5 21. Bxd5+ Kh8 22. Rae1 Ne4 23. Bxf6 Bxf6 24. Rxf6 Nxf6 25. Rxe7 Bf5 26.
Bc6 a6 27. Bb7 Bd3 28. Re6 Ng4 29. Bxa6 Bb1 30. a4 Kg7 31. a5 Kf7 32. Bc4 Bd3
33. Re4+ Bxc4 34. Rxc4 1-0

[Event "Bristol Fide Open 2018"]
[Site "Bristol Grammar School"]
[Date "2018.06.17"]
[Round "5.15"]
[White "Brown, Tom"]
[Black "Nendick, Phil"]
[Result "1-0"]
[WhiteElo "1730"]
[BlackElo "1950"]
[PlyCount "87"]
[EventDate "2018.06.15"]
[SourceVersionDate "2018.06.16"]

1. d4 Nc6 2. Nf3 d5 3. c4 Bg4 4. e3 e5 5. cxd5 Qxd5 6. Nc3 Bb4 7. Be2 O-O-O 8.
O-O Bxc3 9. bxc3 e4 10. Nd2 Bxe2 11. Qxe2 Nf6 12. c4 Qg5 13. Rb1 h5 14. c5 Rh6
15. f3 Re8 16. fxe4 Nxe4 17. Nxe4 Rxe4 18. Qb5 Nd8 19. Rxf7 c6 20. Qd3 Rhe6 21.
Rf3 h4 22. Rb2 Rg4 23. Rbf2 Rge4 24. Rf4 Qe7 25. Bd2 Kc7 26. Rxe4 Rxe4 27. Ba5+
b6 28. Bd2 b5 29. Ba5+ Kc8 30. Bxd8 Kxd8 31. Rf8+ Qxf8 32. Qxe4 Qf6 33. Qf3 a5
34. Qxf6+ gxf6 35. Kf2 Ke7 36. Ke2 Ke6 37. e4 b4 38. Kd3 f5 39. e5 Kd5 40. g3
h3 41. Kc2 a4 42. Kb1 Ke6 43. Kc2 Kd5 44. Kd3 1-0

[Event "Bristol Fide Open 2018"]
[Site "Bristol Grammar School"]
[Date "2018.06.17"]
[Round "5.16"]
[White "Hurst, Eddie"]
[Black "Furnevall, Mark"]
[Result "1-0"]
[WhiteElo "1928"]
[BlackElo "1849"]
[PlyCount "95"]
[EventDate "2018.06.15"]
[SourceVersionDate "2018.06.16"]

1. d4 e6 2. Bf4 f5 3. e3 Nf6 4. Nf3 g6 5. Be2 Bg7 6. Nbd2 d6 7. c3 Nc6 8. h3
Qe7 9. O-O O-O 10. Qb3 Kh8 11. Rad1 e5 12. dxe5 dxe5 13. Bh2 Rb8 14. Qc2 h6 15.
Nc4 Ne4 16. b4 b5 17. Ncd2 Nd6 18. Nb3 Be6 19. Nc5 Bc4 20. Bxc4 bxc4 21. Rd2 e4
22. Nd4 Nxd4 23. exd4 f4 24. Re2 Rbe8 25. Rfe1 f3 26. gxf3 Qg5+ 27. Bg3 Rxf3
28. Re3 Rxe3 29. Rxe3 Qf5 30. Kg2 h5 31. Qe2 Bh6 32. Bxd6 Bxe3 33. Bxc7 Bf4 34.
Bxf4 Qxf4 35. Qe3 g5 36. Nd7 Kg7 37. Ne5 Rc8 38. Kf1 Kf6 39. Ke2 Kf5 40. a4 a6
41. a5 Rc7 42. Kf1 g4 43. Qxf4+ Kxf4 44. hxg4 hxg4 45. Ke2 Rh7 46. Nxc4 Rc7 47.
Ne3 g3 48. Nd5+ 1-0

[Event "Bristol Fide Open 2018"]
[Site "Bristol Grammar School"]
[Date "2018.06.17"]
[Round "5.17"]
[White "Howell, Oliver"]
[Black "Dias, Savin"]
[Result "1-0"]
[WhiteElo "1898"]
[BlackElo "1771"]
[PlyCount "51"]
[EventDate "2018.06.15"]
[SourceVersionDate "2018.06.16"]

1. Nf3 c5 2. c4 g6 3. g3 Bg7 4. Bg2 Nc6 5. O-O d6 6. Nc3 e5 7. e3 Be6 8. d3 f5
9. Ne2 h6 10. Qa4 Qd7 11. Rd1 Nge7 12. d4 e4 13. d5 exf3 14. dxe6 Qxe6 15. Bxf3
O-O-O 16. Nf4 Qf7 17. Nd5 Ne5 18. Bg2 Kb8 19. Bd2 Nxd5 20. Bxd5 Qd7 21. Qa3 Nc6
22. Rab1 Ne7 23. Bf3 Nc6 24. b4 cxb4 25. Bxb4 Nxb4 26. Rxb4 1-0

[Event "Bristol Fide Open 2018"]
[Site "Bristol Grammar School"]
[Date "2018.06.17"]
[Round "5.18"]
[White "Smith, Christopher"]
[Black "Lovell, William"]
[Result "1-0"]
[WhiteElo "1891"]
[BlackElo "1737"]
[PlyCount "44"]
[EventDate "2018.06.15"]
[SourceVersionDate "2018.06.16"]

1. d4 d5 2. Bf4 Nf6 3. e3 c5 4. c3 Nc6 5. Nd2 Bf5 6. Ngf3 e6 7. Ne5 Qb6 8. g4
Nxe5 9. gxf5 Ned7 10. fxe6 fxe6 11. Rb1 Bd6 12. Bg3 O-O 13. Bh3 Rae8 14. Qb3
Bxg3 15. hxg3 Qc7 16. f4 a6 17. Ke2 b5 18. a3 cxd4 19. cxd4 Nb6 20. g4 Nc4 21.
Nxc4 bxc4 22. Qc2 Ne4 1-0

[Event "Bristol Fide Open 2018"]
[Site "Bristol Grammar School"]
[Date "2018.06.17"]
[Round "5.19"]
[White "Lampard, Alice"]
[Black "Chapman, Matt"]
[Result "1/2-1/2"]
[WhiteElo "1664"]
[BlackElo "1888"]
[PlyCount "53"]
[EventDate "2018.06.15"]
[SourceVersionDate "2018.06.16"]

1. d4 d5 2. c4 c6 3. Nf3 Nf6 4. Qc2 dxc4 5. Qxc4 Bg4 6. Bf4 Nbd7 7. e3 e6 8.
Be2 Be7 9. h3 Bh5 10. Nc3 O-O 11. O-O c5 12. dxc5 Nxc5 13. Rfd1 Qb6 14. b4 Na6
15. a3 Rac8 16. Qb3 Nb8 17. Bxb8 Rxb8 18. Na4 Qc6 19. Ne5 Qe4 20. Bxh5 Qxe5 21.
Bf3 b6 22. Qb2 Qxb2 23. Nxb2 Rfc8 24. Rac1 a5 25. Nd3 g6 26. bxa5 bxa5 27. a4
1/2-1/2

[Event "Bristol Fide Open 2018"]
[Site "Bristol Grammar School"]
[Date "2018.06.17"]
[Round "5.20"]
[White "Turner, Joseph D"]
[Black "Smith, Lynda"]
[Result "1-0"]
[WhiteElo "1886"]
[BlackElo "1838"]
[PlyCount "65"]
[EventDate "2018.06.15"]
[SourceVersionDate "2018.06.16"]

1. e4 c5 2. Nf3 g6 3. h4 Bg7 4. Nc3 d6 5. Bc4 Nc6 6. h5 e6 7. d3 gxh5 8. Rxh5
Nf6 9. Rg5 Rg8 10. Be3 e5 11. Nh4 Na5 12. Bb5+ Nc6 13. Qf3 a6 14. Bxc6+ bxc6
15. Qg3 Bf8 16. Rxg8 Nxg8 17. Nf3 Nf6 18. Bg5 Bb7 19. Nxe5 h6 20. Bh4 Be7 21.
Bxf6 dxe5 22. Qxe5 Qd7 23. Bxe7 Qxe7 24. Qxe7+ Kxe7 25. Na4 Kd6 26. Nb6 Rg8 27.
Nc4+ Kd7 28. g3 f6 29. Ke2 Bc8 30. Rh1 Rh8 31. Nb6+ Kc7 32. Nxc8 Kxc8 33. Rh5
1-0

[Event "Bristol Fide Open 2018"]
[Site "Bristol Grammar School"]
[Date "2018.06.17"]
[Round "5.21"]
[White "Abbott, Mark V"]
[Black "Fowler, Hugo"]
[Result "1-0"]
[WhiteElo "1885"]
[BlackElo "1800"]
[PlyCount "51"]
[EventDate "2018.06.15"]
[SourceVersionDate "2018.06.16"]

1. d4 Nf6 2. c4 g6 3. Nc3 d5 4. cxd5 Nxd5 5. e4 Nxc3 6. bxc3 Bg7 7. Be3 c5 8.
Qd2 O-O 9. Nf3 Nc6 10. d5 Qa5 11. Rc1 Rd8 12. Bd3 Bg4 13. Ng5 Ne5 14. Bf1 h6
15. h3 Bh5 16. f4 hxg5 17. fxe5 g4 18. Be2 gxh3 19. g4 Qa4 20. c4 Bxe5 21. gxh5
Bg3+ 22. Bf2 Qa3 23. Rc3 Bxf2+ 24. Kxf2 Qa6 25. Rhxh3 Qf6+ 26. Rcf3 1-0

[Event "Bristol Fide Open 2018"]
[Site "Bristol Grammar School"]
[Date "2018.06.17"]
[Round "5.22"]
[White "Fradkin, Denis"]
[Black "Hosdurga, Chirag"]
[Result "0-1"]
[WhiteElo "1938"]
[BlackElo "1508"]
[PlyCount "116"]
[EventDate "2018.06.15"]
[SourceVersionDate "2018.06.16"]

1. e4 c5 2. Nf3 Nc6 3. d4 cxd4 4. Nxd4 Qb6 5. Nb3 Nf6 6. Nc3 e6 7. Be3 Qc7 8.
Be2 Be7 9. O-O a6 10. a3 O-O 11. f4 d6 12. Qe1 Re8 13. Qg3 b5 14. Nd4 Bb7 15.
Nxc6 Bxc6 16. Bd4 e5 17. fxe5 dxe5 18. Be3 Nxe4 19. Qg4 Nxc3 20. bxc3 Bf8 21.
c4 g6 22. cxb5 Bxb5 23. c4 Bd7 24. Qh4 Bg7 25. Rac1 Be6 26. c5 Bd5 27. Qf2 Qc6
28. Rb1 Rab8 29. Rb6 Rxb6 30. cxb6 Qb7 31. Rc1 Rc8 32. Qf1 Rxc1 33. Qxc1 Bf8
34. Qc7 Qxc7 35. bxc7 Bb7 36. Bf3 Bc8 37. Kf2 Bd6 38. Bb6 Kf8 39. Bc6 Bxa3 40.
Ke3 f5 41. g3 Ke7 42. Kd3 Kd6 43. Ba4 h6 44. Be8 g5 45. Kc4 Be6+ 46. Kc3 Bd7
47. Kc4 Be6+ 48. Kc3 Bc5 49. Ba5 Bg1 50. h4 Bf2 51. hxg5 hxg5 52. Bf7 Bc8 53.
Kc4 Bxg3 54. Kb4 Be1+ 55. Ka4 Bxa5 56. Kxa5 Kxc7 57. Kb4 Kd6 58. Kc4 Be6+ 0-1

[Event "Bristol Fide Open 2018"]
[Site "Bristol Grammar School"]
[Date "2018.06.17"]
[Round "5.23"]
[White "Musson, Adam"]
[Black "Timmins, Chris"]
[Result "1-0"]
[WhiteElo "2051"]
[BlackElo "1863"]
[PlyCount "39"]
[EventDate "2018.06.15"]
[SourceVersionDate "2018.06.16"]

1. d4 Nf6 2. c4 Nc6 3. Nf3 d6 4. Nc3 Bg4 5. h3 Bd7 6. e4 g6 7. e5 Ng8 8. Bf4
Bg7 9. Be2 h6 10. Qd2 g5 11. Bg3 Bf5 12. O-O Qd7 13. Rfe1 dxe5 14. d5 O-O-O 15.
Qe3 Nd4 16. Nxe5 Bxe5 17. Bxe5 Nxe2+ 18. Rxe2 Nf6 19. Qxa7 Qe8 20. Bxf6 1-0